What is science ? / (Record no. 92920)

MARC details
000 -LEADER
fixed length control field 00616nam a22002057a 4500
005 - DATE AND TIME OF LATEST TRANSACTION
control field 20150515143810.0
010 ## - LCCN (DPL NO)
LC control number ENG-112681
020 ## - INTERNATIONAL STANDARD BOOK NUMBER
Terms of availability 100.00
International Standard Book Number 9788123763668
035 ## - SYSTEM CONTROL NUMBER
System control number EN-96213
037 ## - SOURCE OF ACQUISITION
Source of stock number/acquisition DBAD/PUB
082 ## - DEWEY DECIMAL CLASSIFICATION NUMBER
Classification number 501
100 ## - MAIN ENTRY--PERSONAL NAME
Personal name Sarukkai, Sundar
245 00 - TITLE STATEMENT
Title What is science ? /
Statement of responsibility, etc by Sundar Sarukkai
260 ## - PUBLICATION, DISTRIBUTION, ETC. (IMPRINT)
Place of publication, distribution, etc New Delhi
Name of publisher, distributor, etc National Book Trust
Date of publication, distribution, etc 2012
270 ## - ADDRESS
Address Nehru Bhawan, 5 Institutional Area, Phase-ll Vasant Kunj
City New Delhi
Postal code 110070
300 ## - PHYSICAL DESCRIPTION
Extent xiv,229p.
Dimensions 22cm(pbk)
490 ## - SERIES STATEMENT
Series statement Popular readers'series
500 ## - GENERAL NOTE
General note Includes index
942 ## - ADDED ENTRY ELEMENTS (KOHA)
Source of classification or shelving scheme Dewey Decimal Classification
Item type English Books
Call number suffix SAR
Classification part 501
Holdings
Withdrawn status Lost status Not for loan Collection code Home library Current library Date acquired Source of acquisition Cost, normal purchase price Full call number Barcode Copy number Cost, replacement price Koha item type
    Not For Loan Non-fiction D.B.Act.Division D.B.Act.Division 13/04/2015 DBAD/PUB 100.00 501 SAR EN-96213 1 100.00 English Books

© Delhi Public Library
Hit Counter
free hit counter